LEADER 00972nam0-2200301---450- 001 990009959720403321 005 20150429100932.0 010 $a978-88-348-4702-2 035 $a000995972 035 $aFED01000995972 035 $a(Aleph)000995972FED01 035 $a000995972 100 $a20150429d2014----km-y0itay50------ba 101 0 $aita 102 $aIT 105 $ay-------001yy 200 1 $aSistemi di rilevazione e misurazione delle performance aziendali$edalla redazione del bilancio di esercizio al controllo di gestione$fPaola De Bernardi, Alain Devalle 210 $aTorino$cGiappichelli$dc2014 215 $aX, 349 p.$d24 cm 700 1$aDe Bernardi,$bPaola$0437016 701 1$aDevalle,$bAlain$0330419 801 0$aIT$bUNINA$gRICA$2UNIMARC 901 $aBK 912 $a990009959720403321 952 $aAZRAG178A$b41$fDECBC 959 $aDECBC 996 $aSistemi di rilevazione e misurazione delle performance aziendali$9822777 997 $aUNINA LEADER 00904nam a2200265 i 4500 001 991000860769707536 005 20020507102432.0 008 970307s1971 us ||| | eng 020 $a047132776X 035 $ab10139825-39ule_inst 035 $aLE00638127$9ExL 040 $aDip.to Fisica$bita 084 $a621.3.9.1 084 $a621.3.9.2 084 $a621.3.9.4 100 1 $aGries, David$0944 245 10$aCompiler construction for digital computers /$cDavid Gries 260 $aNew York :$bJohn Wiley & Sons,$cc1971 300 $axiii, 493 p. ;$c26 cm. 907 $a.b10139825$b21-09-06$c27-06-02 912 $a991000860769707536 945 $aLE006 621.3.9.1 GRI$g1$i2006000010849$lle006$o-$pE0.00$q-$rl$s- $t0$u0$v0$w0$x0$y.i10166014$z27-06-02 996 $aCompiler Construction for Digital Computers$950385 997 $aUNISALENTO 998 $ale006$b01-01-97$cm$da $e-$feng$gus $h0$i1 LEADER 02231nas 2200589-a 450 001 996213002603316 005 20240413013243.0 035 $a(CKB)991042754000686 035 $a(CONSER)sn-98034353- 035 $a(DE-599)ZDB2974015-0 035 $a(EXLCZ)99991042754000686 100 $a19980127b19912001 --- - 101 0 $aeng 181 $ctxt$2rdacontent 182 $cc$2rdamedia 183 $acr$2rdacarrier 200 00$aStata technical bulletin 210 $aSanta Monica, Calif. $cComputing Resource Center$dİ1992- 210 3 $aCollege Station, Tex. $cStata Corp 215 $a1 online resource 311 08$aPrint version: Stata technical bulletin. 1097-8879 (DLC)sn 98034353 (OCoLC)38274544 517 1 $aStata technical bulletin reprints 517 1 $aSTB 606 $aSocial sciences$xStatistical methods$xComputer programs$vPeriodicals 606 $aSocial sciences$xStatistics$xComputer programs$vPeriodicals 606 $aStatistics$xComputer programs$vPeriodicals 606 $aSocial sciences$xStatistical methods$xComputer programs$2fast$3(OCoLC)fst01122984 606 $aSocial sciences$xStatistics$xComputer programs$2fast$3(OCoLC)fst01122994 606 $aStatistics$xComputer programs$2fast$3(OCoLC)fst01132111 606 $aSocial Sciences$vperiodicals 606 $aSocial Sciences 606 $aStatistics as Topic$xmethods$vperiodicals 606 $aStatistics as Topic$xmethods 606 $aSoftware 608 $aPeriodicals.$2fast 615 0$aSocial sciences$xStatistical methods$xComputer programs 615 0$aSocial sciences$xStatistics$xComputer programs 615 0$aStatistics$xComputer programs 615 7$aSocial sciences$xStatistical methods$xComputer programs. 615 7$aSocial sciences$xStatistics$xComputer programs. 615 7$aStatistics$xComputer programs. 615 12$aSocial Sciences 615 12$aSocial Sciences. 615 12$aStatistics as Topic$xmethods 615 12$aStatistics as Topic$xmethods. 615 22$aSoftware. 712 02$aStata Corporation, 906 $aJOURNAL 912 $a996213002603316 920 $aexl_impl conversion 996 $aStata technical bulletin$92077230 997 $aUNISA